[Event "Magistral Endesa Norma MI 2009"]
[Site "Espacio Endesa"]
[Date "2009-10-16"]
[Round "1"]
[White "Valdés Escobar, Álvaro Daniel"]
[Black "Diaz Villagran, Robert"]
[Result "1/2-1/2"]
[WhiteElo "2355"]
[BlackElo "2281"]

 1.d4 Nf6 2.Nf3 g6 3.c4 Bg7 4.g3 d6 5.Bg2 O-O 6.O-O Nbd7 7.Nc3 e5 8.e4 c6 9.h3 Re8 10.Re1 a5 11.Be3 exd4 12.Nxd4 Nc5 13.Qc2 Nfd7 14.Rad1 a4 15.Nde2 Qe7 16.b4 axb3 17.axb3 Ra3 18.b4 Ne6 19.f4 g5 20.Rd3 gxf4 21.gxf4 Qh4 22.Red1 Bxc3 23.Rxc3 Rxc3 24.Qxc3 f5 25.exf5 Ng7 26.Nd4 Qf6

[Event "Magistral Endesa Norma MI 2009"]
[Site "Espacio Endesa"]
[Date "2009-10-16"]
[Round "1"]
[White "Arancibia Guzman, Eduardo"]
[Black "Pollio, Carlos"]
[Result "1-0"]
[WhiteElo "2391"]
[BlackElo "1977"]

 1.d4 d5 2.c4 c6 3.Nf3 Bf5 4.Nc3 e6 5.Qb3 Qb6 6.c5 Qxb3 7.axb3 Na6 8.Bf4 f6 9.e3 Nb4 10.Kd2 e5 11.Bg3 h5 12.Ra4 a5 13.Be2 g5 14.h3 exd4 15.Nxd4 Bc8 16.Rha1 Bxc5 17.Rxa5 Rxa5 18.Rxa5 Bb6 19.Ra8 Ne7 20.Na4 Bd8 21.Bd6 Na6 22.Bxa6 bxa6 23.Bxe7 Kxe7 24.Nxc6+ Kd7 25.Nxd8 Rxd8 26.Nb6+ Kc7 27.Nxc8 Kb7 28.Ra7+

[Event "Magistral Endesa Norma MI 2009"]
[Site "Espacio Endesa"]
[Date "2009-10-16"]
[Round "1"]
[White "Dumas Aviles, Alejandro"]
[Black "Valenzuela Fuentealba, Luis"]
[Result "0-1"]
[WhiteElo "2349"]
[BlackElo "2477"]

 1.d4 d5 2.Bg5 c6 3.c3 Bf5 4.Nf3 Nd7 5.Nbd2 Ngf6 6.e3 e6 7.Be2 Bd6 8.Nh4 Bg6 9.Nxg6 hxg6 10.e4 dxe4 11.Nxe4 Be7 12.Nxf6+ Nxf6 13.Bxf6 gxf6 14.Bf3 f5 15.g3 Qc7 16.Qe2 g5 17.Bg2 Bf6 18.h3 Kf8 19.O-O Kg7 20.Rfe1 Rad8 21.Rad1 Rh6 22.Rd3 a5 23.Rdd1 Qd6 24.a4 Rdh8 25.Qf3 Rg6 26.Qd3 g4 27.hxg4 Rxg4 28.f4 Kf8 29.Re3 Rhg8 30.Rd2 Bd8 31.Kf1 Bc7 32.Bh3 R4g6 33.Bg2 Qd8 34.Rf2 Qf6 35.Rff3 Qh8 36.Kg1 Rg4 37.Qf1 Qh6 38.Kf2 Bd8 39.Bh3 R4g6 40.Ke2 Rh8 41.Bg2 Rhg8 42.Qf2 Qh5 43.Ke1 Qh7 44.Bf1 Rh6 45.Qe2 Rh1 46.Rf2 Rg6 47.Kd2 Qg8 48.Rg2 Rh3 49.Qf2 Bc7 50.Kc2 Rh1 51.Rh2 Rh6 52.Rxh1 Rxh1 53.Rd3 Qh7 54.Rd2 Qg6 55.Qf3 Rh7 56.Qf2 Qg4 57.Be2 Qh3 58.Bf1 Qh5 59.Be2 Qh1 60.Rd1 Rh2 61.Rxh1 Rxf2 62.Kd3 Rg2 63.Rh3 Kg7 64.Ke3 Bb6 65.Kf3 Rg1 66.Bc4 Ra1 67.Bb3 Rf1+ 68.Ke3 c5 69.dxc5 Bxc5+ 70.Kd3 Rf2 71.Bc2 Rg2 72.b4 axb4 73.cxb4 Bxb4 74.Bd1 Be1 75.Bf3 Rxg3 76.Rxg3+ Bxg3 77.Ke3 b6 78.Bc6 Kf6 79.Kf3 Bh2 80.Bb5 Ke7 81.Bc6 f6 82.Bb7 Kd7 83.Ba6 e5 84.Bb5+ Kd6 85.Ba6 Kc5 86.Bc8 Kb4 87.Bxf5 Kxa4 88.fxe5 Bxe5 89.Ke4 Kb4 90.Kd5 Bf4 91.Kc6 Be3 92.Bd3 Kc3 93.Bg6 Bc5 94.Kd5 Bd4 95.Kc6 Bf2 96.Bh7 Kd2 97.Bf5 Ke3 98.Bb1 Kf4 99.Kd5 b5 100.Ke6 Bd4 101.Kd5 Ke3 102.Bg6 Bc3 103.Bh7 Kf4 104.Bc2 b4 105.Bb1 Kg5 106.Ke6 Be1 107.Bc2 Bh4 108.Bh7 Kg4 109.Bg6 Kf4 110.Bh7 Ke3 111.Kd5 Bg3 112.Bg6 Be5 113.Bh7 b3 114.Kc4 b2 115.Bb1 Ke2 116.Bh7 Bf4 117.Kb3 Be5 118.Kc4 Ke3 119.Bb1 Kd2 120.Kb3 Ke2 121.Kc4 Ke3 122.Bh7 Kf4 123.Kd5 f5

[Event "Magistral Endesa Norma MI 2009"]
[Site "Espacio Endesa"]
[Date "2009-10-16"]
[Round "1"]
[White "Mendez, Ernesto"]
[Black "Duarte, Leonardo"]
[Result "0-1"]
[WhiteElo "2363"]
[BlackElo "2366"]

 1.d4 Nf6 2.c4 c5 3.d5 b5 4.cxb5 a6 5.bxa6 g6 6.Nc3 Bxa6 7.Nf3 Bg7 8.g3 d6 9.Bg2 Nbd7 10.Rb1 Qa5 11.Bd2 O-O 12.O-O Ng4 13.Qc2 Nge5 14.Nxe5 Nxe5 15.b3 Rfb8 16.a4 Qd8 17.h3 Bc8 18.Rfe1 Bf5 19.e4 Bc8 20.f4 Nd7 21.Kh2 Ba6 22.Na2 Rc8 23.Bc3 Bxc3 24.Nxc3 Rab8 25.e5 Rb4 26.e6 fxe6 27.Rxe6 Nf8 28.Re4 Rxe4 29.Bxe4 Rb8 30.h4 Qe8 31.Re1 Rb4 32.f5 Qf7 33.fxg6 hxg6 34.Bg2 Qg7 35.Ne4 Bc8 36.Ng5 Bf5 37.Qe2 Rxb3 38.Qxe7 Qxe7 39.Rxe7 Nd7 40.Re8+ Kg7 41.Re7+ Kf8 42.Rf7+ Ke8 43.Rh7 Ne5 44.Be4 Rb2+ 45.Kh1 Bxe4+ 46.Nxe4 Nf7 47.Ng5 Ne5 48.Rc7 Ra2 49.Ra7 c4 50.Rc7 Rxa4 51.Kg2 Ra5 52.Ne4 Kd8 53.Rb7 Rxd5 54.Ng5 Rd2+ 55.Kf1 Kc8 56.Rb1 d5

[Event "Magistral Endesa Norma MI 2009"]
[Site "Espacio Endesa"]
[Date "2009-10-16"]
[Round "1"]
[White "Valiente, Cristobal"]
[Black "Cuevas Araya, Walter"]
[Result "1-0"]
[WhiteElo "2247"]
[BlackElo "2238"]

 1.Nf3 Nf6 2.g3 g6 3.Bg2 Bg7 4.O-O O-O 5.c4 c5 6.d4 cxd4 7.Nxd4 Nc6 8.Nc3 Nh5 9.e3 a6 10.b3 f5 11.Nxc6 dxc6 12.Bb2 Qa5 13.Qc2 Rd8 14.Rad1 Be6 15.Ne2 Bf7 16.Bc3 Qc7 17.Nf4 Nf6 18.Nd3 Ng4 19.Bxg7 Kxg7 20.h3 Nf6 21.Qc3 Kg8 22.Ne5 Be6 23.Bf3 Rxd1 24.Rxd1 Rd8 25.Rd4 Ne4 26.Bxe4 fxe4 27.Rxe4 Bxh3 28.Rh4 Rd1+ 29.Kh2 Bf5 30.e4 Qb6 31.c5 Qb5 32.Qf3 Qf1 33.exf5 Rd2 34.Ng4 Rd3 35.Qf4 Rd1 36.Qb8+ Kg7 37.Qe5+

[Event "Magistral Endesa Norma MI 2009"]
[Site "Espacio Endesa"]
[Date "2009-10-17"]
[Round "2"]
[White "Diaz Villagran, Robert"]
[Black "Duarte, Leonardo"]
[Result "1-0"]
[WhiteElo "2281"]
[BlackElo "2366"]

 1.e4 c5 2.c3 Nf6 3.e5 Nd5 4.d4 cxd4 5.Nf3 e6 6.Bc4 Nb6 7.Bb3 d6 8.cxd4 Nc6 9.Qe2 dxe5 10.dxe5 Nd4 11.Nxd4 Qxd4 12.O-O Bd7 13.Rd1 Qh4 14.Nc3 Be7 15.Be3 Bc6 16.Rd4

[Event "Magistral Endesa Norma MI 2009"]
[Site "Espacio Endesa"]
[Date "2009-10-17"]
[Round "2"]
[White "Cuevas Araya, Walter"]
[Black "Mendez, Ernesto"]
[Result "0-1"]
[WhiteElo "2238"]
[BlackElo "2363"]

 1.d4 d5 2.c4 c6 3.Nf3 Nf6 4.g3 Bf5 5.Bg2 e6 6.O-O Nbd7 7.Nbd2 h6 8.Qb3 Qc7 9.Re1 Be7 10.Ne5 Nxe5 11.dxe5 Nd7 12.e4 Nc5 13.Qc3 dxe4 14.Nxe4 Nxe4 15.Bxe4 Bxe4 16.Rxe4 O-O-O 17.Rd4 c5 18.Rxd8+ Rxd8 19.Be3 Qc6 20.Re1 h5 21.h4 Qa4 22.a3 g6 23.Kf1 b6 24.Ke2 a5 25.Ra1 Qc6 26.Rd1 a4 27.Rxd8+ Bxd8 28.Qd3 Bc7 29.f4 Kb7 30.Bf2 Ka6 31.Ke3 b5 32.b3 b4 33.axb4 cxb4 34.c5+ Ka5 35.bxa4 Qxc5+ 36.Ke2 Qc6 37.Qd4 Kxa4 38.Qa1+ Kb5 39.Qa7 b3 40.Bd4 Qe4+ 41.Be3 Qc2+ 42.Kf3 Qc6+ 43.Ke2 b2

[Event "Magistral Endesa Norma MI 2009"]
[Site "Espacio Endesa"]
[Date "2009-10-17"]
[Round "2"]
[White "Valenzuela Fuentealba, Luis"]
[Black "Valiente, Cristobal"]
[Result "1-0"]
[WhiteElo "2477"]
[BlackElo "2247"]

 1.d4 g6 2.Nf3 Bg7 3.c4 Nf6 4.Nc3 O-O 5.e4 d6 6.Be2 e5 7.d5 Na6 8.Bg5 h6 9.Bh4 Qe8 10.Nd2 Nh7 11.Rb1 f5 12.f3 Bd7 13.b4 Bf6 14.Bf2 Qe7 15.O-O Bh4 16.Bxh4 Qxh4 17.c5 dxc5 18.b5 Nb8 19.Nc4 fxe4 20.fxe4 Rxf1+ 21.Qxf1 Qf4 22.Qxf4 exf4 23.Rf1 g5 24.e5 Bf5 25.e6 Nf6 26.g3 Bh3 27.Rf2 c6 28.gxf4 Nxd5 29.Nxd5 cxd5 30.f5 dxc4 31.Bxc4 Kf8 32.f6 Nd7 33.exd7 Bxd7 34.Rd2 Bf5 35.Rd6 Rc8 36.Kf2 Rb8 37.Kg3 Rc8 38.h4 b6 39.a3 Rb8 40.a4 Re8 41.h5 Rc8 42.Kf3 Rb8 43.Kg3 Rc8 44.a5 bxa5 45.Ra6 Rc7 46.Rxa5 Bd7 47.Ra6 Bc8 48.Rd6 Bd7 49.f7 Ke7 50.Rxh6 Rc8 51.Ra6 Rh8 52.Rxa7 Kd6 53.Ra6+ Ke7 54.Rg6 Rf8 55.Rg8 Bxb5 56.Bxb5 Rxf7 57.h6 Kf6 58.Bd3

[Event "Magistral Endesa Norma MI 2009"]
[Site "Espacio Endesa"]
[Date "2009-10-17"]
[Round "2"]
[White "Pollio, Carlos"]
[Black "Dumas Aviles, Alejandro"]
[Result "0-1"]
[WhiteElo "1977"]
[BlackElo "2349"]

 1.d4 Nf6 2.Nf3 g6 3.Bf4 Bg7 4.Nc3 c5 5.e3 Qb6 6.Rb1 O-O 7.Be2 d5 8.O-O cxd4 9.exd4 Bg4 10.Na4 Qd8 11.Nc5 Qc8 12.Rc1 Nc6 13.Nb3 Ne4 14.c4 Qf5 15.cxd5 Qxd5 16.Be3 Rfd8 17.Re1 Rac8 18.h3 Bf5 19.Bc4 Qd6 20.d5 Nb4 21.g4 Nxa2 22.Rc2 Bd7 23.Bxa7 Nf6 24.Bd4 Nb4 25.Be5 Qb6 26.Bd4 Qd6 27.Be5 Nxc2 28.Bxd6 Nxe1 29.Bxe7 Re8 30.d6 Nxf3+ 31.Qxf3 Rxc4 32.Qxb7 Bc6 33.Qa6 Rc2 34.Bxf6 Re1+ 35.Kh2 Rxf2+ 36.Kg3 Rf3+ 37.Kg2 Rxb3+ 38.Qxc6 Bxf6 39.d7 Rxb2+ 40.Kf3 Re6 41.Qc8+ Kg7 42.d8=Q Rb3+ 43.Kf2 Bxd8 44.Qxd8 h6 45.Qd4+ Kh7 46.h4 Rbe3 47.Qd5 Re2+ 48.Kf1 R2e4 49.Qd7 Kg7

[Event "Magistral Endesa Norma MI 2009"]
[Site "Espacio Endesa"]
[Date "2009-10-17"]
[Round "2"]
[White "Valdés Escobar, Álvaro Daniel"]
[Black "Arancibia Guzman, Eduardo"]
[Result "1-0"]
[WhiteElo "2355"]
[BlackElo "2391"]

 1.c4 Nf6 2.Nc3 g6 3.Nf3 Bg7 4.d4 O-O 5.g3 d6 6.Bg2 Nc6 7.O-O a6 8.Qd3 Rb8 9.d5 Nb4 10.Qd1 a5 11.a3 Na6 12.Qc2 Bd7 13.e4 c6 14.Be3 Qc7 15.Rfc1 Ng4 16.Bf4 Rbc8 17.h3 Nf6 18.Qd1 cxd5 19.cxd5 Qb8 20.Nd4 Be8 21.Rab1 Nd7 22.Be3 Nf6 23.Ndb5 Nc5 24.f3 Bd7 25.b4 axb4 26.axb4 Na6 27.Bf1 h5 28.Na4 Rxc1 29.Qxc1 e6 30.Nb6 exd5 31.Nxd7 Nxd7 32.exd5 Ne5 33.f4 Rc8 34.Qd1 Nc4 35.Bf2 Nb2 36.Qb3 Re8 37.Nd4 Re4 38.Qxb2 Qe8 39.Bd3 Re3 40.Bxa6 bxa6 41.Qd2 Re4 42.Nf3 Qb5 43.Re1 Rxb4 44.Re8+ Bf8 45.Re2 a5 46.f5 Rb3 47.Nh4 Rd3 48.Qg5 Rd1+ 49.Re1 Rxe1+ 50.Bxe1 Qxd5 51.Qf4 Qd1 52.Qf2

[Event "Magistral Endesa Norma MI 2009"]
[Site "Espacio Endesa"]
[Date "2009-10-17"]
[Round "3"]
[White "Arancibia Guzman, Eduardo"]
[Black "Diaz Villagran, Robert"]
[Result "1/2-1/2"]
[WhiteElo "2391"]
[BlackElo "2281"]

 1.e4 e6 2.d4 d5 3.Nc3 Bb4 4.e5 Ne7 5.Bd2 b6 6.Bb5+ c6 7.Ba4 Bd7 8.a3 Bxc3 9.Bxc3 c5 10.Bb3 Bb5 11.Qg4 O-O 12.Nf3 Nbc6 13.h4 Nf5 14.h5 h6 15.Rh3 cxd4 16.Nxd4 Nfxd4 17.Bxd4 Nxd4 18.Qxd4 Qg5 19.Qe3 Qxe3+ 20.Rxe3 Rfd8 21.Rd1 Bc4 22.Rd4 Bxb3 23.Rxb3 Rac8 24.Kd2 Rc7 25.Rg3 Kh7 26.Rf4 Rdc8 27.c3 Rg8 28.Rgf3 Rf8 29.Kd3 Kg8 30.a4 Rfc8 31.Rg4 Kh7 32.Rgf4 Kg8 33.Rb4 Rc5 34.Rbf4 R8c7 35.Kc2 d4 36.Rxd4 Rxe5 37.Rd8+ Kh7 38.g4 g6 39.hxg6+ Kxg6 40.Rg8+ Kh7 41.Rd8 Kg6 42.Rg8+ Kh7

[Event "Magistral Endesa Norma MI 2009"]
[Site "Espacio Endesa"]
[Date "2009-10-17"]
[Round "3"]
[White "Dumas Aviles, Alejandro"]
[Black "Valdés Escobar, Álvaro Daniel"]
[Result "1/2-1/2"]
[WhiteElo "2349"]
[BlackElo "2355"]

 1.d4 Nf6 2.c4 e6 3.Nc3 Bb4 4.e3 c5 5.Bd3 Nc6 6.Nf3 d5 7.O-O dxc4 8.Bxc4 cxd4 9.exd4 O-O 10.Bg5 Be7 11.a3 b6 12.Qd3 Bb7 13.Bb3 h6 14.Bh4 Nh5 15.Bg3 Nxg3 16.hxg3 Bf6 17.Rad1 Ne7 18.Rfe1 Rc8 19.Ne5 Bxe5 20.dxe5 Qxd3 21.Rxd3 Rfd8 22.Red1 Rxd3 23.Rxd3 Bc6 24.f4 g5 25.Kf2 Kg7 26.Rd4 g4 27.Rd2 h5

[Event "Magistral Endesa Norma MI 2009"]
[Site "Espacio Endesa"]
[Date "2009-10-17"]
[Round "3"]
[White "Valiente, Cristobal"]
[Black "Pollio, Carlos"]
[Result "1-0"]
[WhiteElo "2247"]
[BlackElo "1977"]

 1.Nf3 f5 2.d4 Nf6 3.g3 e6 4.Bg2 Be7 5.O-O O-O 6.c4 d6 7.Nc3 c6 8.Qc2 d5 9.b3 Qe8 10.Ne5 Nbd7 11.Nd3 Ne4 12.f3 Nxc3 13.Qxc3 c5 14.e3 b6 15.Bb2 cxd4 16.exd4 Ba6 17.cxd5 Nf6 18.dxe6 Nd5 19.Qd2 f4 20.Rfe1 fxg3 21.hxg3 Qg6 22.Nf4 Rxf4 23.gxf4 Rf8 24.Re4 Qh6 25.Rc1 Rf6 26.Rce1 Rg6 27.Bc1 Qh3 28.f5 Qxf5 29.Rg4 Rxg4 30.fxg4 Qxg4 31.Re4 Qg6 32.Qf2 Nf6 33.Re1 Bb7 34.Bf4 Ng4 35.Qg3 Bxg2 36.Qxg2 h5 37.Qa8+ Kh7 38.Qe4 Qxe4 39.Rxe4 Nf6 40.Re5 g6 41.Bg5 Kg7 42.Re2 Nd5 43.Bxe7 Nxe7 44.d5

[Event "Magistral Endesa Norma MI 2009"]
[Site "Espacio Endesa"]
[Date "2009-10-17"]
[Round "3"]
[White "Mendez, Ernesto"]
[Black "Valenzuela Fuentealba, Luis"]
[Result "1/2-1/2"]
[WhiteElo "2363"]
[BlackElo "2477"]

 1.d4 d5 2.c4 c6 3.Nc3 Nf6 4.e3 Bf5 5.cxd5 cxd5 6.Qb3 Bc8 7.Nf3 e6 8.Ne5 Nc6 9.Bb5 Bd7 10.Nxd7 Nxd7 11.O-O Bd6 12.Bd2

[Event "Magistral Endesa Norma MI 2009"]
[Site "Espacio Endesa"]
[Date "2009-10-17"]
[Round "3"]
[White "Duarte, Leonardo"]
[Black "Cuevas Araya, Walter"]
[Result "1-0"]
[WhiteElo "2366"]
[BlackElo "2238"]

 1.e4 e5 2.Nf3 Nf6 3.Nxe5 d6 4.Nf3 Nxe4 5.Nc3 Nxc3 6.dxc3 Be7 7.Bf4 Nc6 8.Qd2 Be6 9.O-O-O Bxa2 10.b3 a5 11.Kb2 a4 12.Kxa2 axb3+ 13.Kxb3 Ra5 14.Kb2 Qa8 15.Bc4 d5 16.Bb3 Ba3+ 17.Kb1 Be7 18.Kb2 Ba3+ 19.Kb1 O-O 20.Qd3 Bd6 21.Bxd6 cxd6 22.Kb2 Qa7 23.Rhe1 Ra8 24.Qe3

[Event "Magistral Endesa Norma MI 2009"]
[Site "Espacio Endesa"]
[Date "2009-10-18"]
[Round "4"]
[White "Diaz Villagran, Robert"]
[Black "Cuevas Araya, Walter"]
[Result "1-0"]
[WhiteElo "2281"]
[BlackElo "2238"]

 1.e4 c6 2.d4 d5 3.f3 dxe4 4.fxe4 e5 5.Nf3 Bg4 6.c3 Nd7 7.Bc4 Ngf6 8.Bg5 b5 9.Bb3 Bd6 10.Nbd2 O-O 11.O-O Qc7 12.h3 Bh5 13.Qc2 c5 14.dxc5 Bxc5+ 15.Kh1 Rab8 16.Nh4 Rb6 17.Qd3 Kh8 18.Nf5 Bg6 19.Qf3 Re8 20.a4 a6 21.a5 Rc6 22.Bd5 Nxd5 23.exd5 e4 24.Nxe4 Ne5 25.Qg3 Bxf5 26.Rxf5 Rg6 27.Nxc5 f6 28.Nd3 h6 29.Nxe5 fxe5 30.Qh4 Qd7 31.Raf1 Qxd5 32.R1f2 Rc8 33.Be3 Kh7 34.Qh5 Qa2 35.Rxe5 Qxa5 36.Qf5 Qa1+ 37.Kh2 Rc6 38.Re8 Qd1 39.Bd4 Qb3 40.Qf8 Rg5 41.Qh8+ Kg6 42.Qxg7+ Kh5 43.g4+ Kh4 44.Bf6 Rxf6 45.Qxf6 h5 46.Rh8

[Event "Magistral Endesa Norma MI 2009"]
[Site "Espacio Endesa"]
[Date "2009-10-18"]
[Round "9"]
[White "Pollio, Carlos"]
[Black "Valdés Escobar, Álvaro Daniel"]
[Result "0-1"]
[WhiteElo "1977"]
[BlackElo "2355"]

 1.d4 Nf6 2.Nf3 c5 3.Bf4 cxd4 4.Bxb8 Qa5+ 5.Qd2 Qxd2+ 6.Nbxd2 Rxb8 7.Nxd4 a6 8.g3 d5 9.N2f3 e6 10.Bh3 Bd6 11.O-O O-O 12.Rfd1 b5 13.Nc6 Rb6 14.Nce5 a5 15.c3 Ba6 16.Rac1 Rc8 17.Kf1 Rb7 18.Ke1 Rbc7 19.a3 Kf820.Ra1 Bb7 21.Nd3 Bc6 22.Nd4 Be8 23.f4 Ke7 24.Nb3 Ra8 25.Nd4 g6 26.Nf2 Rb8 27.Bg2 h5 28.e4 dxe4 29.Bxe4 Rb6 30.Bf3 e5 31.fxe5 Bxe5 32.Rd2 Kf8 33.Kf1 b4 34.cxb4 axb4 35.a4 Rd6 36.Rad1 Bxa4 37.Ne6+ Rxe6

[Event "Magistral Endesa Norma MI 2009"]
[Site "Espacio Endesa"]
[Date "2009-10-18"]
[Round "4"]
[White "Valenzuela Fuentealba, Luis"]
[Black "Duarte, Leonardo"]
[Result "1-0"]
[WhiteElo "2477"]
[BlackElo "2366"]

 1.d4 Nf6 2.Nf3 c5 3.d5 b5 4.Bg5 Ne4 5.Bh4 Bb7 6.a4 a6 7.Qd3 Qa5+ 8.c3 f5 9.Nbd2 e6 10.Nxe4 fxe4 11.Qxe4 Bxd5 12.Qf4 Nc6 13.e4 Bb3 14.Be2 d6 15.e5 dxe5 16.Nxe5 Qc7 17.Bh5+ g6 18.Nxg6 Qxf4 19.Ne5+

[Event "Magistral Endesa Norma MI 2009"]
[Site "Espacio Endesa"]
[Date "2009-10-18"]
[Round "8"]
[White "Valiente, Cristobal"]
[Black "Mendez, Ernesto"]
[Result "1-0"]
[WhiteElo "2247"]
[BlackElo "2363"]

 1.c4 e5 2.Nc3 Nf6 3.Nf3 Nc6 4.g3 Bc5 5.Bg2 a6 6.O-O d6 7.a3 O-O 8.b4 Ba7 9.d3 h6 10.Bb2 Be6 11.e4 Nd4 12.Nxd4 Bxd4 13.Rb1 b5 14.Nd5 Bxb2 15.Rxb2 c6 16.Ne3 d5 17.exd5 cxd5 18.c5 d4 19.Bxa8 Qxa8 20.Ng2 Qd5 21.f3 Bc8 22.Qb3 Qc6 23.Re2 Re8 24.Qb2 Bb7 25.Nh4 g6 26.Qd2 Kg7 27.Ng2 Nd5 28.f4 Ne3 29.Nxe3 Qh1+ 30.Kf2 Qxh2+ 31.Ke1 Qxg3+ 32.Kd1 dxe3 33.Qxe3 Qg4 34.fxe5 Qe6 35.d4 Rd8 36.Rd2 Qc4 37.Qd3 Qe6 38.Kc1 a5 39.Rf6 Qg4 40.c6 Bc8 41.Qf3 Qg1+ 42.Qf1 Qe3 43.Rxf7+ Kh8 44.Rf3 Qe4 45.Qd3 Qxc6+ 46.Rc2

[Event "Magistral Endesa Norma MI 2009"]
[Site "Espacio Endesa"]
[Date "2009-10-18"]
[Round "5"]
[White "Dumas Aviles, Alejandro"]
[Black "Diaz Villagran, Robert"]
[Result "1-0"]
[WhiteElo "2349"]
[BlackElo "2281"]

 1.e4 e6 2.d3 d5 3.Nd2 c5 4.Ngf3 Nc6 5.g3 Bd6 6.Bg2 Nge7 7.O-O O-O 8.Re1 Qc7 9.c3 Bd7 10.a3 b5 11.Qe2 f6 12.d4 c4 13.Nf1 Na5 14.e5 fxe5 15.Nxe5 Bxe5 16.Qxe5 Qxe5 17.Rxe5 Rae8 18.Bd2 Nb7 19.Rae1 Nc6 20.R5e2 Nd6 21.Bf4 Nf5 22.Bc7 a5 23.Bb6 Rb8 24.Bc5 Rfc8 25.Rxe6 Bxe6 26.Rxe6 Nd8 27.Bxd5 Nf7 28.Ne3 N5h6 29.Ra6 Kh8 30.Ba7 Ra8 31.Rxa5 Nd6 32.Bxa8 Rxa8 33.Bb6 Re8 34.Bc7 Ne4 35.Rxb5 Nd2 36.Rb8 Rxb8 37.Bxb8 Nf7 38.a4 Nd8 39.a5 Nc6 40.Bc7 Kg8 41.a6 Kf7 42.Bb8 Nxb8 43.a7 Nd7 44.a8=Q

[Event "Magistral Endesa Norma MI 2009"]
[Site "Espacio Endesa"]
[Date "2009-10-18"]
[Round "5"]
[White "Valiente, Cristobal"]
[Black "Arancibia Guzman, Eduardo"]
[Result "0-1"]
[WhiteElo "2247"]
[BlackElo "2391"]

 1.d4 Nf6 2.Nf3 e6 3.c4 c5 4.e3 cxd4 5.exd4 d5 6.Bd3 dxc4 7.Bxc4 Be7 8.O-O O-O 9.a3 b6 10.Nc3 Ba6 11.Bxa6 Nxa6 12.Be3 Nc7 13.Ne5 Qe8 14.Qa4 Ncd5 15.Qxe8 Rfxe8 16.Rfc1 Bf8 17.Kf1 a6 18.Nxd5 Nxd5 19.Rc6 Ra7 20.Rac1 f6 21.Nf3 Kf7 22.Ke2 Ke7 23.g3 Kd7 24.R6c2 Bd6 25.Nd2 Rc7 26.Ne4 Rxc2+ 27.Rxc2 Bc7 28.Nc3 Nxe3 29.fxe3 h5 30.Kf3 g5 31.Ne4 g4+ 32.Kg2 Bd8 33.Nf2 Rg8 34.Nd3 Bc7 35.Nf4 Bxf4 36.gxf4 h4 37.e4 Rc8 38.Rd2 Rc4 39.Kf2 f5 40.Ke3 Rc1 41.exf5 exf5 42.Kf2 Rh1 43.Kg2 Re1 44.h3 Re4 45.hxg4 fxg4 46.f5 Rf4 47.Rf2 Rxd4 48.f6 Ke8

[Event "Magistral Endesa Norma MI 2009"]
[Site "Espacio Endesa"]
[Date "2009-10-18"]
[Round "5"]
[White "Mendez, Ernesto"]
[Black "Valdés Escobar, Álvaro Daniel"]
[Result "1/2-1/2"]
[WhiteElo "2363"]
[BlackElo "2355"]

 1.d4 Nf6 2.Nf3 e6 3.Bg5 h6 4.Bh4 c5 5.e3 d5 6.c3 Nc6 7.Nbd2 g5 8.Bg3 Nh5 9.Be5 Nf6 10.Bb5 Bd7 11.Bxc6 Bxc6 12.h4 Rg8 13.hxg5 hxg5 14.Bxf6 Qxf6 15.Ne5 Rc8 16.Rh7 Rc7 17.Qh5 cxd4 18.exd4 Ba4 19.Rc1 Qf5 20.g4 Qf4 21.Nd3 Qf6 22.Ne5 Qf4 23.Nd3

[Event "Magistral Endesa Norma MI 2009"]
[Site "Espacio Endesa"]
[Date "2009-10-18"]
[Round "5"]
[White "Duarte, Leonardo"]
[Black "Pollio, Carlos"]
[Result "1-0"]
[WhiteElo "2366"]
[BlackElo "1977"]

 1.e4 d5 2.exd5 Qxd5 3.Nc3 Qd8 4.d4 c6 5.Bc4 Bf5 6.Nf3 e6 7.h3 Nd7 8.O-O Bd6 9.Re1 Nb6 10.Bf1 h6 11.Ne4 Bc7 12.Nc5 Qc8 13.Ne5 Bxe5 14.dxe5 Nd7 15.Nxd7 Qxd7 16.Qe2 Ne7 17.b3 Qc7 18.Ba3 Qa5 19.Bd6 Qc3 20.Rac1 Nd5 21.Red1 O-O-O 22.Rd2 h5 23.Qd1 f6 24.Rd4 fxe5 25.Bxe5 Qa5 26.Ra4 Qc5 27.Bd4 Nc3 28.Bxc5 Rxd1 29.Rxd1 Nxd1 30.Rxa7 Kb8 31.Ra4 Nc3 32.Bd6+ Kc8 33.Ra8+ Kd7 34.Rxh8 Kxd6 35.Bd3 Bxd3 36.cxd3 Nxa2 37.Rxh5 Nc1 38.Rg5 Nxb3 39.Rxg7 b5 40.h4 Nc5 41.h5 b4 42.Rg4 b3 43.Rb4

[Event "Magistral Endesa Norma MI 2009"]
[Site "Espacio Endesa"]
[Date "2009-10-18"]
[Round "5"]
[White "Cuevas Araya, Walter"]
[Black "Valenzuela Fuentealba, Luis"]
[Result "0-1"]
[WhiteElo "2238"]
[BlackElo "2477"]

 1.e4 c5 2.Nf3 d6 3.d4 cxd4 4.Nxd4 Nf6 5.Nc3 a6 6.Bc4 e6 7.Bb3 b5 8.O-O Be7 9.Qf3 Qc7 10.Qg3 O-O 11.Bh6 Ne8 12.Rad1 Bd7 13.f4 Nc6 14.f5 Nxd4 15.Rxd4 Bf6 16.Rd3 Be5 17.Qg4 b4 18.f6 g6 19.Ne2 Bb5 20.Qh4 a5 21.Bxf8 Kxf8 22.Qxh7 Qa7+ 23.Kh1 Nxf6 24.Qh4 Bxd3 25.Qh6+ Ke7 26.cxd3 Rc8 27.Nf4 Bxf4 28.Qxf4 Qd4 29.g4 Qe5 30.Qxe5 dxe5 31.h3 g5 32.Kg2 Nd7 33.Kf3 Nf8 34.Ke3 Ng6 35.d4 Nf4 36.dxe5 Nxh3 37.Rd1 Rc5 38.Kd4 Rc7 39.Ke3 Nf4 40.Ba4 Ng6 41.Kd4 Rc8 42.Rg1 Rd8+ 43.Kc5 Nxe5 44.Kb5 Rd4 45.Kxa5 Rxe4 46.Bd1 Nc4+ 47.Kxb4 Nxb2+ 48.Kb5 Nxd1 49.Rxd1 Rxg4 50.a4 Rg2 51.Ra1 Kd6 52.a5 Rb2+ 53.Kc4 f5 54.a6 Rb8 55.a7 Ra8 56.Ra5 g4 57.Kd4 g3 58.Ra6+ Ke7 59.Ke5 g2 60.Ra1 Kf7 61.Rg1 Rxa7 62.Rxg2 Ra5+ 63.Kf4 Kf6 64.Rg8 Ra4+ 65.Kf3 Ke5

[Event "Magistral Endesa Norma MI 2009"]
[Site "Espacio Endesa"]
[Date "2009-10-19"]
[Round "6"]
[White "Diaz Villagran, Robert"]
[Black "Valenzuela Fuentealba, Luis"]
[Result "1/2-1/2"]
[WhiteElo "2281"]
[BlackElo "2477"]

 1.e4 c5 2.c3 Nf6 3.e5 Nd5 4.d4 cxd4 5.Nf3 Nc6 6.Bc4 Nb6 7.Bb3 d5 8.exd6 Qxd6 9.O-O Be6 10.Bxe6 Qxe6 11.Nxd4 Nxd4 12.Qxd4 Rd8 13.Qb4 Qc6 14.a4 a6 15.Nd2 e6 16.Qb3 Be7 17.Nf3 Nd5 18.Re1 O-O 19.Bd2

[Event "Magistral Endesa Norma MI 2009"]
[Site "Espacio Endesa"]
[Date "2009-10-19"]
[Round "6"]
[White "Pollio, Carlos"]
[Black "Cuevas Araya, Walter"]
[Result "0-1"]
[WhiteElo "1977"]
[BlackElo "2238"]

 1.d4 Nf6 2.Nf3 e6 3.Bf4 b6 4.Nbd2 Bb7 5.e3 Be7 6.Bd3 d5 7.c3 Nbd7 8.Qe2 c5 9.h4 h6 10.Ne5 Nxe5 11.Bxe5 Qd7 12.Nf3 c4 13.Bc2 b5 14.a3 a5 15.Bh2 Qd8 16.Be5 Qb6 17.g3 Bc6 18.Nd2 Qb7 19.g4 O-O-O 20.f3 Ne8 21.b4 f6 22.Bg3 Qb6 23.h5 Bd6 24.Bxd6 Nxd6 25.f4 Rhe8 26.Nf3 Ne4 27.Bxe4 dxe4 28.Nh4 e5 29.O-O exd4 30.cxd4 a4 31.f5 Qc7 32.Qh2 Qf7 33.Rac1 Kb7 34.Rfd1 Bd5 35.Rc3 Rd7 36.Rf1 Qe7 37.Ng6 Qd8 38.Nf4 Qb6 39.Ne2 Red8 40.Rf4 Bc6 41.Qf2 Bd5 42.Qg2 Re8 43.Rc1 Qc6 44.Nc3 Kb6 45.Qc2 Ra7 46.Rcf1 Rd7 47.Rd1 Ra7 48.Kf2 Rd7 49.Rd2 Rde7 50.Ke1 Ra7 51.Kd1 Rae7 52.Kc1 Ra7 53.Kb2 Rae7 54.Qd1 Qd7 55.Qh1 Qc6 56.Rc2 Rh8 57.Qg2 Rc8 58.Qe2 Rd8 59.Rf1 Ra7 60.Qg2 Re8 61.Rfc1 Rc8 62.Ne2 Re8 63.Kc3 Rd7 64.Qf2 Kb7 65.Rf1 Qb6 66.Rd2 Qc6 67.Qg1 Kb6 68.Nf4 Kb7 69.Rdf2 Kb6 70.Rd2 Kb7 71.Rfd1 Kb6 72.Qf2 Kb7 73.Ne6 Bxe6 74.fxe6 Qxe6 75.Qf4 Rd5 76.Rf1 Rg5 77.Rg1 Rd8 78.Rf2 Rdd5 79.Rfg2 f5 80.gxf5 Rdxf5 81.Rxg5 hxg5 82.Qg4 Qd5 83.Rh1 Rf3 84.Qg1 g4 85.Rh4 Qg5 86.Rxg4 Rxe3+ 87.Kc2 Re2+ 88.Kb1 Re1+ 89.Qxe1 Qxg4 90.Qh1 Qf3 91.Qh4 Qd1+ 92.Kb2 Qxd4+ 93.Kc1 Qa1+ 94.Kc2 Qa2+ 95.Kd1 Qb3+ 96.Ke2 Qd3+ 97.Ke1 Qc3+ 98.Kf1 Qe5 99.h6 gxh6 100.Qxh6 c3 101.Qh7+ Kc6 102.Qg8 Qf4+ 103.Ke2 Qd2+ 104.Kf1 Qd3+ 105.Ke1 c2 106.Qe6+ Kc7 107.Qe7+ Kc8 108.Qe8+ Kc7 109.Qe7+ Qd7 110.Qc5+ Qc6 111.Qa7+ Kc8

[Event "Magistral Endesa Norma MI 2009"]
[Site "Espacio Endesa"]
[Date "2009-10-19"]
[Round "6"]
[White "Valdés Escobar, Álvaro Daniel"]
[Black "Duarte, Leonardo"]
[Result "0-1"]
[WhiteElo "2355"]
[BlackElo "2366"]

 1.d4 Nf6 2.c4 c5 3.d5 b5 4.cxb5 a6 5.bxa6 g6 6.Nc3 Bxa6 7.Nf3 d6 8.g3 Nbd7 9.Bg2 Bg7 10.Rb1 O-O 11.O-O Nb6 12.Re1 Bc4 13.e4 Bxa2 14.Nxa2 Rxa2 15.b4 Nbd7 16.bxc5 Nxc5 17.Nd4 Ng4 18.Re2 Rxe2 19.Nxe2 Qa5 20.h3 Nf6 21.f3 Ra8 22.Kh2 Qa2 23.Be3 Nfd7 24.Bg1 h5 25.h4 Ne5 26.Bd4 Nxf3+ 27.Bxf3 Bxd4

[Event "Magistral Endesa Norma MI 2009"]
[Site "Espacio Endesa"]
[Date "2009-10-19"]
[Round "6"]
[White "Arancibia Guzman, Eduardo"]
[Black "Mendez, Ernesto"]
[Result "1-0"]
[WhiteElo "2391"]
[BlackElo "2363"]

 1.c4 c6 2.d4 d5 3.Nf3 Nf6 4.Nc3 dxc4 5.a4 Bf5 6.e3 e6 7.Bxc4 Bb4 8.O-O Nbd7 9.Nh4 Bg4 10.f3 Bh5 11.g4 Bg6 12.e4 O-O 13.g5 Ne8 14.Nxg6 hxg6 15.Kg2 Nd6 16.Be2 Ba5 17.h4 Qe7 18.Be3 Rad8 19.Qb3 Rfe8 20.Rad1 e5 21.dxe5 Nxe5 22.Bf4 a6 23.Rh1 b5 24.h5 gxh5 25.Rxh5 Ng6 26.Bg3 Bc7 27.Qa3 Qe6 28.Rdh1 Bb8 29.Qc5 Nb7 30.Qf5 Bxg3 31.Kxg3 Qd6+ 32.f4 Qd2 33.Rh8+ Nxh8 34.Qh7+ Kf8 35.Qxh8+ Ke7 36.Qxg7 Nd6 37.Qf6+ Kd7 38.e5 Qxc3+ 39.bxc3 Ne4+ 40.Kg4 Nxf6+ 41.gxf6 Ke6 42.axb5 axb5 43.Kg3 Rd2 44.Bg4+ Kd5 45.Rh7 Rd3+ 46.Kh4 Rxc3 47.Rxf7 b4 48.Rb7 Rh8+ 49.Kg5 Rg8+ 50.Kf5 b3 51.Bd1 c5 52.Rxb3

[Event "Magistral Endesa Norma MI 2009"]
[Site "Espacio Endesa"]
[Date "2009-10-19"]
[Round "6"]
[White "Dumas Aviles, Alejandro"]
[Black "Valiente, Cristobal"]
[Result "1/2-1/2"]
[WhiteElo "2349"]
[BlackElo "2247"]

 1.e4 g6 2.c4 c5 3.Nc3 Bg7 4.g3 Nc6 5.Bg2 e6 6.Nge2 Nge7 7.O-O O-O 8.a3 d6 9.Rb1 Rb8 10.b4 b6 11.d3 Bb7 12.f4 Qd7 13.Be3 f5 14.h3 Rbd8 15.g4 Ba8 16.Qd2 Nd4 17.Ng3 d5 18.cxd5 exd5 19.gxf5 dxe4 20.f6 Bxf6 21.Ncxe4 Ndf5 22.Nxf5 Nxf5 23.Nxf6+ Rxf6 24.Bxa8 Rxa8 25.bxc5 bxc5 26.Bxc5 Rd8 27.d4 Nxd4 28.Qxd4 Qxd4+ 29.Bxd4 Rxd4 30.Rb8+ Kg7 31.Rb4 Rxb4 32.axb4 Rb6 33.Ra1 Rxb4 34.Rxa7+ Kf6 35.Rxh7 Rxf4 36.Kg2